000 00549nam a22001817a 4500
005 20140917105946.0
010 _aENG-110879
020 _a9789351431541
_c160.00
035 _aEN-94411
037 _bDBAD/PUB
082 _a330
245 _aEconomics-II :
_bfor 5 years law course /
260 _aGurgaon
_bLexis Nexis
_c2014
270 _a14th Floor, Building No.10, Tower-B, DLF Cyber City, Phase-II
_bGurgaon
_e122002
300 _ax,125p.
_c22cm(pbk)
490 _aQuick reference guide series
942 _2ddc
_cEN
_mECO
_h330
999 _c88711
_d88711